[Event "IECC M email"]
[Site "IECC email"]
[Date "2002.09.16"]
[Round "?"]
[White "Russell, David"]
[Black "Ravizzotti, Fabio"]
[Result "1-0"]
[WhiteElo "1044"]
[BlackElo "987"]
[PlyCount "53"]
[EventDate "2002.??.??"]
[EventType "tourn (corr)"]
[EventRounds "6"]
[SourceTitle "Corr 2008"]
[Source "ChessBase"]
[SourceDate "2008.06.24"]
[SourceVersion "1"]
[SourceVersionDate "2008.06.24"]
[SourceQuality "1"]

1. e4 e5 2. Nf3 Nc6 3. Bb5 a6 4. Ba4 Nf6 5. 0-0 Nxe4 6. d4 exd4 7. Nxd4 Nxd4 8. Qxd4 Nc5 9. Re1+ Be7 10. Qxg7 Rf8 11. Nc3 b5 12. Bb3 b4 13. Ne4 Nxe4 14. Rxe4 Bb7 15. Re1 a5 16. Bg5 f6 17. Bxf6 Rxf6 18. Qxf6 d5 19. Rad1 a4 20. Bxd5 c6 21. Qf7+ Kd7 22. Bf3+ Kc8 23. Rxd8+ Bxd8 24. Rd1 Bb6 25. Rd7 b3 26. Rxb7 Ra7 27. Qd7# 1-0